<?xml version="1.0" encoding="UTF-8"?>
<record
    xmlns:xsi="http://www.w3.org/2001/XMLSchema-instance"
    xsi:schemaLocation="http://www.loc.gov/MARC21/slim http://www.loc.gov/standards/marcxml/schema/MARC21slim.xsd"
    xmlns="http://www.loc.gov/MARC21/slim">

  <leader>00866nam a2200229 i 4500</leader>
  <controlfield tag="001">bg</controlfield>
  <datafield tag="100" ind1="1" ind2=" ">
    <subfield code="a">HASKI, Ksawery</subfield>
  </datafield>
  <datafield tag="245" ind1="1" ind2="0">
    <subfield code="a">Dokumentacja i ewidencja pracownicza :</subfield>
    <subfield code="b">zestaw podstawowych wzor&#xF3;w z praktycznym komentarzem i zasadami prowadzenia dla pracodawc&#xF3;w w &#x15B;wietle znowelizowanych przepis&#xF3;w prawa pracy i ubezpiecze&#x144; spo&#x142;ecznych oraz innych akt&#xF3;w prawnych /</subfield>
    <subfield code="c">Ksawery Haski.</subfield>
  </datafield>
  <datafield tag="250" ind1=" " ind2=" ">
    <subfield code="a">Stan prawny na dzie&#x144; 1 sierpnia 1997 r.</subfield>
  </datafield>
  <datafield tag="260" ind1=" " ind2=" ">
    <subfield code="a">Skierniewice :</subfield>
    <subfield code="b">Sigma,</subfield>
    <subfield code="c">1997.</subfield>
  </datafield>
  <datafield tag="300" ind1=" " ind2=" ">
    <subfield code="a">118 s. ;</subfield>
    <subfield code="c">30 cm.</subfield>
  </datafield>
  <datafield tag="500" ind1=" " ind2=" ">
    <subfield code="a">Wykaz wa&#x17C;niejszych przepis&#xF3;w na s. 113-118.</subfield>
  </datafield>
  <datafield tag="650" ind1=" " ind2="9">
    <subfield code="a">Kadry</subfield>
    <subfield code="x">dokumentacja</subfield>
    <subfield code="z">Polska</subfield>
  </datafield>
  <datafield tag="655" ind1=" " ind2=" ">
    <subfield code="a">Tablice i wzory</subfield>
  </datafield>
  <datafield tag="020" ind1=" " ind2=" ">
    <subfield code="a">8386145641</subfield>
  </datafield>
  <datafield tag="040" ind1=" " ind2=" ">
    <subfield code="c">BPK</subfield>
  </datafield>
  <datafield tag="041" ind1="0" ind2=" ">
    <subfield code="a">pl</subfield>
  </datafield>
  <datafield tag="080" ind1=" " ind2=" ">
    <subfield code="a">349.3:368.4+349.2:651](438)(083)</subfield>
  </datafield>
  <datafield tag="920" ind1=" " ind2=" ">
    <subfield code="a">83-86145-64-1</subfield>
  </datafield>
  <datafield tag="942" ind1=" " ind2=" ">
    <subfield code="c">KS</subfield>
  </datafield>
  <controlfield tag="008">      s        pl     f     |000 0 pol  </controlfield>
  <datafield tag="999" ind1=" " ind2=" ">
    <subfield code="c">32487</subfield>
    <subfield code="d">32487</subfield>
  </datafield>
  <datafield tag="856" ind1=" " ind2=" ">
    <subfield code="u">http://koha.tu.koszalin.pl/cgi-bin/koha/opac-detail.pl?biblionumber=32487</subfield>
    <subfield code="y">Katalog online BPK</subfield>
  </datafield>
  <datafield tag="952" ind1=" " ind2=" ">
    <subfield code="0">0</subfield>
    <subfield code="1">0</subfield>
    <subfield code="4">0</subfield>
    <subfield code="7">1</subfield>
    <subfield code="a">BPK</subfield>
    <subfield code="b">BPK</subfield>
    <subfield code="c">c</subfield>
    <subfield code="o">41633</subfield>
    <subfield code="p">01296457</subfield>
    <subfield code="t">349.2 Pp</subfield>
    <subfield code="y">KS</subfield>
  </datafield>
</record>
